[Event "GBR-ch73"]
[Site "Southampton"]
[Date "1986.08.07"]
[Round "10"]
[White "Hawksworth, John C"]
[Black "Thomas, Ian L"]
[Result "0-1"]
[WhiteElo "2400"]
[BlackElo "2350"]
[PlyCount "80"]
[EventDate "1986.07.28"]
[EventType "swiss"]
[EventRounds "11"]
[EventCountry "GBR"]
[SourceTitle "BritBase"]
[Source "John Saunders"]
[SourceDate "2020.09.07"]
[SourceVersion "1"]
[SourceVersionDate "2020.09.07"]
[SourceQuality "2"]

1. d4 f5 2. g3 Nf6 3. Bg2 g6 4. Nf3 Bg7 5. O-O O-O 6. b3 d6 7. Bb2 c6 8. c4 a5
9. Nc3 Qe8 10. d5 Na6 11. Na4 Nc7 12. Nd4 Ra6 13. Nc3 Bd7 14. Qd3 Qf7 15. Qd2
cxd5 16. cxd5 b5 17. a3 b4 18. axb4 axb4 19. Na2 Ncxd5 20. Nxb4 Rxa1 21. Bxa1
Nb6 22. Qd3 e5 23. Ndc6 Nc8 24. e3 Be6 25. Na5 Nd7 26. Bd5 Ncb6 27. Bxe6 Qxe6
28. Rd1 e4 29. Qb5 f4 30. Bxg7 Kxg7 31. Nd5 fxg3 32. hxg3 Qf5 33. Rd2 Nxd5 34.
Qxd5 Ne5 35. Kg2 Qf3+ 36. Kg1 Qf5 37. Kg2 Qf3+ 38. Kg1 Ng4 39. Qd4+ Kh6 40. Qb2
Rf5 0-1

[Event "GBR-ch73"]
[Site "Southampton"]
[Date "1986.08.07"]
[Round "10"]
[White "Kwiatkowski, Feliks J"]
[Black "Ward, Christopher"]
[Result "0-1"]
[WhiteElo "2250"]
[BlackElo "2315"]
[PlyCount "128"]
[EventDate "1986.07.28"]
[EventType "swiss"]
[EventRounds "11"]
[EventCountry "GBR"]
[SourceTitle "BritBase"]
[Source "John Saunders"]
[SourceDate "2020.09.07"]
[SourceVersion "1"]
[SourceVersionDate "2020.09.07"]
[SourceQuality "2"]

1. e4 c5 2. Nf3 d6 3. d4 cxd4 4. Nxd4 Nf6 5. Nc3 g6 6. g3 Nc6 7. Nde2 b6 8. Bg2
Ba6 9. O-O Bg7 10. h3 Rc8 11. Be3 O-O 12. Re1 Nd7 13. Nd4 Nde5 14. Nxc6 Nxc6
15. h4 Ne5 16. Bd4 Rc4 17. Ne2 Qc8 18. c3 Qg4 19. Nf4 Qxd1 20. Rexd1 Bb7 21.
Nd5 Bxd5 22. exd5 Ng4 23. Bxg7 Kxg7 24. Re1 Rc7 25. f4 h5 26. Re2 Kf6 27. Rae1
Rb8 28. Be4 b5 29. a3 a5 30. Rc2 b4 31. cxb4 Rxc2 32. Bxc2 axb4 33. a4 Rc8 34.
Bb3 Nh6 35. Kf2 Nf5 36. Re4 Rb8 37. Bc4 Rc8 38. b3 Rc5 39. Be2 Rxd5 40. Rxb4
Rc5 41. Rc4 Ra5 42. Rb4 Rc5 43. Bd3 Ng7 44. Rb5 Rc3 45. Ke3 Ne6 46. Kd2 Rc7 47.
a5 Ra7 48. b4 Nc7 49. Kc3 Nxb5+ 50. Bxb5 Rc7+ 51. Kb3 e6 52. a6 Ke7 53. Bd3 Kd7
54. b5 Kc8 55. b6 Rc6 56. b7+ Kb8 57. Kb4 Ka7 58. Bb5 Rc7 59. Be8 e5 60. fxe5
dxe5 61. Kb5 e4 62. Bc6 e3 63. Kc5 e2 64. Kd6 Rxc6+ 0-1

[Event "GBR-ch73"]
[Site "Southampton"]
[Date "1986.08.07"]
[Round "10"]
[White "Lyell, Mark"]
[Black "Rahman, Ziaur"]
[Result "1-0"]
[WhiteElo "2030"]
[BlackElo "2305"]
[PlyCount "127"]
[EventDate "1986.07.28"]
[EventType "swiss"]
[EventRounds "11"]
[EventCountry "GBR"]
[SourceTitle "BritBase"]
[Source "John Saunders"]
[SourceDate "2020.09.07"]
[SourceVersion "1"]
[SourceVersionDate "2020.09.07"]
[SourceQuality "2"]

1. e4 e6 2. d4 d5 3. e5 c5 4. c3 Nc6 5. Nf3 Bd7 6. Be2 Nge7 7. Na3 c4 8. O-O
Nf5 9. b3 cxb3 10. axb3 h5 11. Nc2 Qb6 12. Ne3 Nce7 13. Ba3 Nxe3 14. fxe3 Nf5
15. Bxf8 Rxf8 16. Qd3 Qd8 17. c4 Bc6 18. Rfc1 a6 19. cxd5 Qxd5 20. Rc5 Qe4 21.
Qxe4 Bxe4 22. Ng5 Bc6 23. Kf2 Ke7 24. Bxh5 Nh4 25. Nf3 Rh8 26. Nxh4 Rxh5 27.
Nf3 g5 28. h3 Rg8 29. Nh2 Rc8 30. Ng4 Rhh8 31. Rac1 Bd7 32. Nf6 Rc6 33. Ne4 Rg8
34. Rxc6 Bxc6 35. Nf6 Rd8 36. Rc5 Kf8 37. g3 Kg7 38. h4 gxh4 39. gxh4 Rc8 40.
Rc1 Rh8 41. Rg1+ Kf8 42. h5 a5 43. Ra1 a4 44. bxa4 Kg7 45. e4 Ra8 46. a5 Bb5
47. d5 exd5 48. exd5 Kh6 49. d6 Rc8 50. d7 Rc2+ 51. Ke1 Bxd7 52. Nxd7 Kxh5 53.
Rb1 Rc7 54. Rb5 Kg4 55. Nc5 Rc6 56. Ke2 f5 57. e6 Rc7 58. Nd7 f4 59. e7 f3+ 60.
Ke3 Rc3+ 61. Kd2 f2 62. Rb1 Rc8 63. e8=Q Rxe8 64. Nf6+ 1-0

[Event "GBR-ch73"]
[Site "Southampton"]
[Date "1986.08.07"]
[Round "10"]
[White "Mestel, A Jonathan"]
[Black "King, Daniel J"]
[Result "1/2-1/2"]
[WhiteElo "2505"]
[BlackElo "2455"]
[PlyCount "33"]
[EventDate "1986.07.28"]
[EventType "swiss"]
[EventRounds "11"]
[EventCountry "GBR"]
[SourceTitle "BritBase"]
[Source "John Saunders"]
[SourceDate "2020.09.07"]
[SourceVersion "1"]
[SourceVersionDate "2020.09.07"]
[SourceQuality "2"]

1. e4 c5 2. Nf3 Nc6 3. d4 cxd4 4. Nxd4 Nf6 5. Nc3 d6 6. g3 g6 7. Nde2 b6 8. Bg2
Ba6 9. a4 Bg7 10. h3 Rc8 11. O-O O-O 12. Re1 Nd7 13. Nb5 Bb7 14. c3 a6 15. Nbd4
Na5 16. Nb3 Nc4 17. Nf4 1/2-1/2

[Event "GBR-ch73"]
[Site "Southampton"]
[Date "1986.08.07"]
[Round "10"]
[White "Ravikumar, Vaidyanathan"]
[Black "Emms, John"]
[Result "1/2-1/2"]
[WhiteElo "2345"]
[BlackElo "2305"]
[PlyCount "45"]
[EventDate "1986.07.28"]
[EventType "swiss"]
[EventRounds "11"]
[EventCountry "GBR"]
[SourceTitle "BritBase"]
[Source "John Saunders"]
[SourceDate "2020.09.07"]
[SourceVersion "1"]
[SourceVersionDate "2020.09.07"]
[SourceQuality "2"]

1. d4 e6 2. c4 Nf6 3. Nc3 Bb4 4. Qb3 c5 5. dxc5 Nc6 6. Nf3 Ne4 7. Bd2 Nxd2 8.
Nxd2 Bxc5 9. e3 O-O 10. Be2 f5 11. O-O b6 12. Nf3 Bb7 13. Rad1 f4 14. Ne4 Na5
15. Qd3 Bxe4 16. Qxe4 fxe3 17. fxe3 Nc6 18. a3 a5 19. Bd3 g6 20. Bc2 Qc7 21.
Kh1 Be7 22. Ba4 Rad8 23. Kg1 1/2-1/2

[Event "GBR-ch73"]
[Site "Southampton"]
[Date "1986.08.07"]
[Round "10"]
[White "Teichmann, Erik OMC"]
[Black "Lawson, David"]
[Result "1/2-1/2"]
[WhiteElo "2310"]
[BlackElo "2200"]
[PlyCount "38"]
[EventDate "1986.07.28"]
[EventType "swiss"]
[EventRounds "11"]
[EventCountry "GBR"]
[SourceTitle "BritBase"]
[Source "John Saunders"]
[SourceDate "2020.09.07"]
[SourceVersion "1"]
[SourceVersionDate "2020.09.07"]
[SourceQuality "2"]

1. Nf3 Nf6 2. g3 b6 3. Bg2 Bb7 4. O-O c5 5. c3 e6 6. d4 Be7 7. Nbd2 O-O 8. a3
d6 9. Re1 Nbd7 10. e4 cxd4 11. cxd4 Qc7 12. Re3 Rac8 13. Ne1 Rfd8 14. Nf1 Bf8
15. g4 g6 16. g5 Nh5 17. Bf3 Ng7 18. Ng3 f5 19. gxf6 Nxf6 1/2-1/2

[Event "GBR-ch73"]
[Site "Southampton"]
[Date "1986.08.07"]
[Round "10"]
[White "Townsend, M Paul"]
[Black "Nicholson, John G"]
[Result "0-1"]
[WhiteElo "2220"]
[BlackElo "2295"]
[PlyCount "90"]
[EventDate "1986.07.28"]
[EventType "swiss"]
[EventRounds "11"]
[EventCountry "GBR"]
[SourceTitle "BritBase"]
[Source "John Saunders"]
[SourceDate "2020.09.07"]
[SourceVersion "1"]
[SourceVersionDate "2020.09.07"]
[SourceQuality "2"]

1. e4 c5 2. Nf3 e6 3. d4 cxd4 4. Nxd4 Nf6 5. Nc3 d6 6. Be2 Be7 7. O-O O-O 8. f4
a6 9. Kh1 Qc7 10. a4 Nc6 11. Be3 Re8 12. Bd3 Bd7 13. Qf3 Nb4 14. a5 Bf8 15. Nb3
Bc6 16. Bb6 Qc8 17. Qg3 d5 18. e5 Ne4 19. Qe3 f5 20. exf6 gxf6 21. Nd4 f5 22.
Nf3 Re7 23. Ne5 Be8 24. Rf3 Rg7 25. Bd4 Bc5 26. Bxc5 Nxc5 27. Rg3 Bg6 28. Rc1
Nbxd3 29. cxd3 Nb3 30. d4 Nxc1 31. Qxc1 Qc7 32. Qa1 b5 33. b4 Rc8 34. h3 Be8
35. Re3 Qd6 36. Qb2 Rgc7 37. g3 Rc4 38. Nxc4 dxc4 39. d5 exd5 40. Ne2 d4 41.
Qxd4 Bc6+ 42. Kh2 Qxd4 43. Nxd4 Be4 44. Ne2 Rd8 45. g4 Rd3 0-1

[Event "GBR-ch73"]
[Site "Southampton"]
[Date "1986.08.07"]
[Round "10"]
[White "Varley, Peter"]
[Black "Giulian, Philip Maurice"]
[Result "0-1"]
[WhiteElo "2210"]
[BlackElo "2225"]
[PlyCount "70"]
[EventDate "1986.07.28"]
[EventType "swiss"]
[EventRounds "11"]
[EventCountry "GBR"]
[SourceTitle "BritBase"]
[Source "John Saunders"]
[SourceDate "2020.09.07"]
[SourceVersion "1"]
[SourceVersionDate "2020.09.07"]
[SourceQuality "2"]

1. c3 c5 2. d4 cxd4 3. Nf3 dxc3 4. Nxc3 Nc6 5. e4 d6 6. Bc4 e6 7. O-O Nf6 8.
Qe2 a6 9. Rd1 Qa5 10. Bf4 Ne5 11. Nxe5 dxe5 12. Bd2 Qc7 13. Rac1 Bd7 14. Bxe6
fxe6 15. Nd5 Qd8 16. Nc7+ Kf7 17. Nxa8 Qxa8 18. Bg5 Bb5 19. Rc7+ Be7 20. Qd2
Rc8 21. Qd6 Rxc7 22. Qxc7 h6 23. Be3 Nxe4 24. Qxe5 Bc6 25. Qh5+ Kg8 26. Qg6 Qe8
27. Qxe6+ Qf7 28. Qc8+ Kh7 29. Qc7 Qe6 30. Bd4 Nf6 31. Qe5 Qg4 32. f3 Bxf3 33.
Rd2 Ne4 34. Rc2 Bf6 35. Qd5 Ng5 0-1

[Event "GBR-ch73"]
[Site "Southampton"]
[Date "1986.08.07"]
[Round "10"]
[White "Walker, David"]
[Black "Kosten, Anthony C"]
[Result "1-0"]
[WhiteElo "2255"]
[BlackElo "2455"]
[PlyCount "141"]
[EventDate "1986.07.28"]
[EventType "swiss"]
[EventRounds "11"]
[EventCountry "GBR"]
[SourceTitle "BritBase"]
[Source "John Saunders"]
[SourceDate "2020.09.07"]
[SourceVersion "1"]
[SourceVersionDate "2020.09.07"]
[SourceQuality "2"]

1. d4 Nf6 2. c4 e6 3. Nf3 b6 4. g3 Ba6 5. b3 Bb4+ 6. Bd2 Be7 7. Bg2 c6 8. O-O
O-O 9. Bc3 Ne4 10. Bb2 f5 11. Nbd2 d6 12. d5 Nxd2 13. Qxd2 exd5 14. Nd4 Rf7 15.
cxd5 c5 16. Ne6 Qc8 17. Rfe1 Nd7 18. Ng5 Bxg5 19. Qxg5 Qf8 20. e4 h6 21. Qd2
Ne5 22. Bxe5 dxe5 23. exf5 Rxf5 24. Bh3 Rf3 25. Rxe5 Qf6 26. Rae1 Rf8 27. Re8
Rd3 28. Qc2 Rxe8 29. Rxe8+ Kf7 30. Re1 Qg6 31. Qc1 Rf3 32. Bg2 Rf6 33. Qe3 Kg8
34. Qe8+ Qxe8 35. Rxe8+ Rf8 36. Re7 Rf7 37. Re5 c4 38. Bf1 b5 39. bxc4 bxc4 40.
d6 Kf8 41. Ra5 Bc8 42. Bxc4 Rb7 43. Rb5 a6 44. Rxb7 Bxb7 45. Be6 Bc6 46. f4 Ke8
47. Kf2 Bd7 48. f5 Kd8 49. Ke3 Bb5 50. Kd4 Bf1 51. Ke5 Be2 52. f6 gxf6+ 53.
Kxf6 h5 54. Kg5 a5 55. h3 a4 56. a3 Bd1 57. g4 Bb3 58. Bf5 hxg4 59. hxg4 Ke8
60. Kf6 Kd8 61. g5 Bf7 62. g6 Bg8 63. Be6 Bf7 64. g7 Be8 65. d7 Bf7 66. Kxf7
Kc7 67. g8=Q Kb7 68. d8=Q Kc6 69. Qd5+ Kb6 70. Qb8+ Ka6 71. Qdb5# 1-0

[Event "GBR-ch73"]
[Site "Southampton"]
[Date "1986.08.07"]
[Round "10"]
[White "Watts, David"]
[Black "Martin, Andrew D"]
[Result "0-1"]
[WhiteElo "2210"]
[BlackElo "2370"]
[PlyCount "105"]
[EventDate "1986.07.28"]
[EventType "swiss"]
[EventRounds "11"]
[EventCountry "GBR"]
[SourceTitle "BritBase"]
[Source "John Saunders"]
[SourceDate "2020.09.07"]
[SourceVersion "1"]
[SourceVersionDate "2020.09.07"]
[SourceQuality "2"]

1. e4 c5 2. Nf3 d6 3. d4 cxd4 4. Nxd4 Nf6 5. Nc3 e6 6. f4 Be7 7. Bb5+ Bd7 8. e5
dxe5 9. fxe5 Nd5 10. Nxd5 exd5 11. e6 fxe6 12. Nxe6 Bb4+ 13. c3 Qh4+ 14. g3
Qe4+ 15. Kd2 Bxb5 16. cxb4 Ke7 17. Nf4 Kd6 18. Re1 Qxb4+ 19. Kc2 Qc4+ 20. Kb1
Re8 21. b3 Rxe1 22. Ba3+ Ke5 23. Bb2+ Kf5 24. Qxe1 Qe4+ 25. Qxe4+ dxe4 26. Bxg7
Nc6 27. a4 Ba6 28. Kc2 Rd8 29. Rd1 Nb4+ 30. Kc1 Nd3+ 31. Nxd3 Bxd3 32. Bh6 Rc8+
33. Kd2 Rc2+ 34. Ke3 Rxh2 35. Bf4 Rb2 36. Rh1 Rxb3 37. Rxh7 Bb5+ 38. Kd2 Bxa4
39. Rh5+ Kg4 40. Ra5 Bc6 41. Rxa7 Kf3 42. Ra1 Rd3+ 43. Kc2 Kf2 44. Ra5 b5 45.
Ra6 Bd5 46. Rf6 Ke2 47. g4 b4 48. g5 e3 49. g6 Rd2+ 50. Kc1 b3 51. Rb6 Rc2+ 52.
Kb1 Kf3 53. Rf6 0-1

[Event "GBR-ch73"]
[Site "Southampton"]
[Date "1986.08.08"]
[Round "11"]
[White "Adams, Michael"]
[Black "Hodgson, Julian M"]
[Result "1/2-1/2"]
[WhiteElo "2260"]
[BlackElo "2500"]
[PlyCount "56"]
[EventDate "1986.07.28"]
[EventType "swiss"]
[EventRounds "11"]
[EventCountry "GBR"]
[SourceTitle "BritBase"]
[Source "John Saunders"]
[SourceDate "2020.09.07"]
[SourceVersion "1"]
[SourceVersionDate "2020.09.07"]
[SourceQuality "2"]

1. e4 c5 2. Nf3 e6 3. d4 cxd4 4. Nxd4 Nf6 5. Nc3 Bb4 6. Bd3 e5 7. Nde2 d5 8.
exd5 Nxd5 9. Bd2 Nc6 10. O-O Nxc3 11. Nxc3 O-O 12. Qh5 g6 13. Qh6 Be6 14. Rad1
f5 15. a3 Be7 16. f3 Bf6 17. Kh1 Qe7 18. Qe3 Rac8 19. Nb5 b6 20. Qg1 Rfd8 21.
Nc3 Qb7 22. Rfe1 Na5 23. Bc1 Nc4 24. Qf1 Qf7 25. Nb1 Nd6 26. Nd2 Nb7 27. b3 Nd6
28. Bb2 Qg7 1/2-1/2

[Event "GBR-ch73"]
[Site "Southampton"]
[Date "1986.08.08"]
[Round "11"]
[White "Arkell, Keith C"]
[Black "Rossiter, Philip"]
[Result "1-0"]
[WhiteElo "2350"]
[BlackElo "2230"]
[PlyCount "111"]
[EventDate "1986.07.28"]
[EventType "swiss"]
[EventRounds "11"]
[EventCountry "GBR"]
[SourceTitle "BritBase"]
[Source "John Saunders"]
[SourceDate "2020.09.07"]
[SourceVersion "1"]
[SourceVersionDate "2020.09.07"]
[SourceQuality "2"]

1. d4 Nf6 2. Nf3 e6 3. Bf4 b6 4. e3 Bb7 5. Nbd2 Be7 6. h3 O-O 7. Bd3 c5 8. c3
d6 9. O-O Nc6 10. Bh2 Re8 11. Qb1 Bf8 12. b4 cxb4 13. cxb4 Rc8 14. Rc1 Qd7 15.
a4 Ne7 16. Bb5 Bc6 17. Bxc6 Rxc6 18. Rxc6 Qxc6 19. b5 Qc7 20. Qc1 Qd7 21. Qb2
Rc8 22. Rc1 Rc7 23. Rc4 Rxc4 24. Nxc4 Ned5 25. Nfd2 Ne8 26. e4 Ndf6 27. Qc2 Qc8
28. Ne3 Qxc2 29. Nxc2 d5 30. Bb8 Nd7 31. Bxa7 Nd6 32. exd5 exd5 33. Ne3 Nc8 34.
Bxb6 Ncxb6 35. a5 Bb4 36. axb6 Bxd2 37. Nxd5 Kf8 38. b7 Ba5 39. Kf1 Ke8 40. Ke2
Nb8 41. Kd3 Kd7 42. Kc4 Kd6 43. g4 Nd7 44. f4 Be1 45. f5 Bh4 46. Nb4 Kc7 47.
Kd5 Nf6+ 48. Kc5 Kxb7 49. Kd6 h5 50. gxh5 Nxh5 51. Nc6 Ng3 52. Ke5 Bf6+ 53. Kf4
Ne2+ 54. Ke3 Ng1 55. Ne5 Bxe5 56. dxe5 1-0

[Event "GBR-ch73"]
[Site "Southampton"]
[Date "1986.08.08"]
[Round "11"]
[White "Botterill, George Steven"]
[Black "Anagnostopoulos, Dimitri"]
[Result "0-1"]
[WhiteElo "2395"]
[BlackElo "2255"]
[PlyCount "68"]
[EventDate "1986.07.28"]
[EventType "swiss"]
[EventRounds "11"]
[EventCountry "GBR"]
[SourceTitle "BritBase"]
[Source "John Saunders"]
[SourceDate "2020.09.07"]
[SourceVersion "1"]
[SourceVersionDate "2020.09.07"]
[SourceQuality "2"]

1. d4 Nf6 2. c4 g6 3. Nc3 Bg7 4. e4 d6 5. Be2 O-O 6. Bg5 Nbd7 7. Qd2 e5 8. Nf3
exd4 9. Nxd4 Re8 10. O-O Nc5 11. Bf3 c6 12. Rad1 a5 13. Qf4 a4 14. Nxc6 bxc6
15. Rxd6 Ncd7 16. e5 Nh5 17. Qd2 Qa5 18. Bxc6 Nxe5 19. Bxa8 Qxa8 20. Rd8 Qc6
21. Nd5 Bf8 22. Rxe8 Qxe8 23. Re1 Qe6 24. f4 f6 25. Bxf6 Nxf6 26. Rxe5 Qf7 27.
Nxf6+ Qxf6 28. Qd5+ Kg7 29. Re8 Qb6+ 30. Kf1 Bf5 31. Ra8 Bd6 32. Rxa4 Bxf4 33.
b4 Qe3 34. Qb7+ Kh6 0-1

[Event "GBR-ch73"]
[Site "Southampton"]
[Date "1986.08.08"]
[Round "11"]
[White "Carr, Neil L"]
[Black "Thipsay, Praveen Mahadeo"]
[Result "0-1"]
[WhiteElo "2305"]
[BlackElo "2375"]
[PlyCount "80"]
[EventDate "1986.07.28"]
[EventType "swiss"]
[EventRounds "11"]
[EventCountry "GBR"]
[SourceTitle "BritBase"]
[Source "John Saunders"]
[SourceDate "2020.09.07"]
[SourceVersion "1"]
[SourceVersionDate "2020.09.07"]
[SourceQuality "2"]

1. e4 c5 2. d4 cxd4 3. c3 dxc3 4. Nxc3 Nc6 5. Nf3 e6 6. Bc4 a6 7. O-O Nge7 8.
Bg5 f6 9. Be3 Ng6 10. Qe2 Bd6 11. Rfd1 Qe7 12. a4 O-O 13. Rac1 Kh8 14. g3 Bc5
15. Rc2 b6 16. Rcd2 Nge5 17. Ba2 Bxe3 18. Qxe3 Qc5 19. Nd4 Bb7 20. Nce2 Nxd4
21. Rxd4 Bc6 22. Rc1 Qe7 23. h3 Rac8 24. f4 Nf7 25. Rdc4 Nd6 26. R4c3 Bxa4 27.
Qxb6 Rb8 28. Qc5 Rxb2 29. Ra3 Bc6 30. Nc3 f5 31. Rxa6 fxe4 32. Bb1 e3 33. Be4
Nf5 34. Na4 Qxc5 35. Rxc5 Bxa4 36. Rxa4 Nxg3 37. Rg5 Nxe4 38. Rxe4 Ra8 39. Rg2
Ra1+ 40. Kh2 Raa2 0-1

[Event "GBR-ch73"]
[Site "Southampton"]
[Date "1986.08.08"]
[Round "11"]
[White "Emms, John"]
[Black "Lyell, Mark"]
[Result "1/2-1/2"]
[WhiteElo "2305"]
[BlackElo "2030"]
[PlyCount "69"]
[EventDate "1986.07.28"]
[EventType "swiss"]
[EventRounds "11"]
[EventCountry "GBR"]
[SourceTitle "BritBase"]
[Source "John Saunders"]
[SourceDate "2020.09.07"]
[SourceVersion "1"]
[SourceVersionDate "2020.09.07"]
[SourceQuality "2"]

1. e4 e5 2. Bc4 f5 3. d3 Nf6 4. f4 Nc6 5. Nf3 fxe4 6. dxe4 Nxe4 7. fxe5 Nxe5 8.
Bd5 Nxf3+ 9. Qxf3 Nf6 10. Bg5 c6 11. Bb3 Qa5+ 12. Bd2 Qe5+ 13. Kd1 Qh5 14. Re1+
Kd8 15. Qxh5 Nxh5 16. Bg5+ Nf6 17. Nd2 d5 18. Nf3 Bd6 19. c4 dxc4 20. Bxc4 Re8
21. Rxe8+ Kxe8 22. Bd3 h6 23. Bxf6 gxf6 24. Kc2 Kf7 25. Re1 Be6 26. g3 Re8 27.
Re4 Be5 28. Nh4 Rd8 29. b3 c5 30. Re2 a6 31. Ng6 Bc7 32. Nh4 Be5 33. Ng6 Bc7
34. Nh4 Be5 35. Ng6 1/2-1/2

[Event "GBR-ch73"]
[Site "Southampton"]
[Date "1986.08.08"]
[Round "11"]
[White "Giulian, Philip Maurice"]
[Black "Townsend, M Paul"]
[Result "1/2-1/2"]
[WhiteElo "2225"]
[BlackElo "2220"]
[PlyCount "39"]
[EventDate "1986.07.28"]
[EventType "swiss"]
[EventRounds "11"]
[EventCountry "GBR"]
[SourceTitle "BritBase"]
[Source "John Saunders"]
[SourceDate "2020.09.07"]
[SourceVersion "1"]
[SourceVersionDate "2020.09.07"]
[SourceQuality "2"]

1. d4 Nf6 2. c4 e6 3. Nc3 Bb4 4. e3 c5 5. Nge2 b6 6. a3 Ba5 7. Rb1 Qe7 8. Bd2
Nc6 9. d5 Ne5 10. Ng3 Bxc3 11. Bxc3 d6 12. Be2 O-O 13. O-O Bd7 14. e4 Ng6 15.
f4 exd5 16. exd5 Ne4 17. Nxe4 Qxe4 18. Qd2 Rfe8 19. Bd3 Qe3+ 20. Kh1 1/2-1/2

[Event "GBR-ch73"]
[Site "Southampton"]
[Date "1986.08.08"]
[Round "11"]
[White "Kosten, Anthony C"]
[Black "Kwiatkowski, Feliks J"]
[Result "1-0"]
[WhiteElo "2455"]
[BlackElo "2250"]
[PlyCount "73"]
[EventDate "1986.07.28"]
[EventType "swiss"]
[EventRounds "11"]
[EventCountry "GBR"]
[SourceTitle "BritBase"]
[Source "John Saunders"]
[SourceDate "2020.09.07"]
[SourceVersion "1"]
[SourceVersionDate "2020.09.07"]
[SourceQuality "2"]

1. e4 c5 2. Nf3 Nc6 3. d4 cxd4 4. Nxd4 Nf6 5. Nc3 e5 6. Ndb5 d6 7. Bg5 a6 8.
Na3 b5 9. Bxf6 gxf6 10. Nd5 f5 11. c3 Bg7 12. exf5 Bxf5 13. Nc2 O-O 14. Nce3
Be6 15. Bd3 f5 16. Qh5 e4 17. Bc2 Ne7 18. Bb3 Ng6 19. Rd1 f4 20. Nc2 Kh8 21.
Nd4 Bxd4 22. Rxd4 Rf5 23. Qh6 a5 24. g4 Rg5 25. h4 Rxg4 26. h5 Nf8 27. Nxf4
Bxb3 28. axb3 Qg5 29. Qxg5 Rxg5 30. Rxd6 Re8 31. Ke2 Rge5 32. Ke3 Kg7 33. Rg1+
Kf7 34. h6 R8e7 35. Rg7+ Ke8 36. Nd5 Rf7 37. Rf6 1-0

[Event "GBR-ch73"]
[Site "Southampton"]
[Date "1986.08.08"]
[Round "11"]
[White "Lawson, David"]
[Black "Allen, Keith"]
[Result "1/2-1/2"]
[WhiteElo "2200"]
[BlackElo "2225"]
[PlyCount "41"]
[EventDate "1986.07.28"]
[EventType "swiss"]
[EventRounds "11"]
[EventCountry "GBR"]
[SourceTitle "BritBase"]
[Source "John Saunders"]
[SourceDate "2020.09.07"]
[SourceVersion "1"]
[SourceVersionDate "2020.09.07"]
[SourceQuality "2"]

1. e4 c5 2. Nf3 d6 3. d4 cxd4 4. Nxd4 Nf6 5. Nc3 a6 6. Be2 e5 7. Nb3 Be7 8. O-O
Be6 9. f4 Qc7 10. f5 Bc4 11. a4 Nbd7 12. Kh1 O-O 13. a5 b5 14. axb6 Nxb6 15.
Bg5 h6 16. Bxf6 Bxf6 17. Bxc4 Qxc4 18. Qxd6 Rab8 19. Qc5 Rfc8 20. Qf2 Be7 21.
Rfd1 1/2-1/2

[Event "GBR-ch73"]
[Site "Southampton"]
[Date "1986.08.08"]
[Round "11"]
[White "Le Blancq, Simon"]
[Black "Chin, Francis"]
[Result "1/2-1/2"]
[WhiteElo "2270"]
[BlackElo "2075"]
[PlyCount "33"]
[EventDate "1986.07.28"]
[EventType "swiss"]
[EventRounds "11"]
[EventCountry "GBR"]
[SourceTitle "BritBase"]
[Source "John Saunders"]
[SourceDate "2020.09.07"]
[SourceVersion "1"]
[SourceVersionDate "2020.09.07"]
[SourceQuality "2"]

1. d4 Nf6 2. Nf3 d5 3. c4 e6 4. g3 c5 5. Bg2 Nc6 6. O-O cxd4 7. Nxd4 Be7 8. Nc3
O-O 9. cxd5 exd5 10. Bg5 h6 11. Be3 Re8 12. Qb3 Na5 13. Qc2 Bg4 14. Nf5 Bb4 15.
Rad1 Rc8 16. h3 Bh5 17. Qd3 1/2-1/2

[Event "GBR-ch73"]
[Site "Southampton"]
[Date "1986.08.08"]
[Round "11"]
[White "Levitt, Jonathan"]
[Black "Thomas, Ian L"]
[Result "1-0"]
[WhiteElo "2455"]
[BlackElo "2350"]
[PlyCount "87"]
[EventDate "1986.07.28"]
[EventType "swiss"]
[EventRounds "11"]
[EventCountry "GBR"]
[SourceTitle "BritBase"]
[Source "John Saunders"]
[SourceDate "2020.09.07"]
[SourceVersion "1"]
[SourceVersionDate "2020.09.07"]
[SourceQuality "2"]

1. Nf3 f5 2. g3 Nf6 3. Bg2 d6 4. O-O g6 5. d4 Bg7 6. c4 O-O 7. d5 c6 8. Nc3 Bd7
9. Rb1 Na6 10. b4 Nc7 11. Nd4 e5 12. Nb3 cxd5 13. Nxd5 Bc6 14. Bg5 Bxd5 15.
Bxf6 Qxf6 16. Bxd5+ Nxd5 17. Qxd5+ Rf7 18. Na5 Rb8 19. c5 dxc5 20. bxc5 Rd8 21.
Qc4 Rd4 22. Qb3 b6 23. e3 Rd8 24. Nb7 Rc8 25. Nd6 Rxc5 26. Rfd1 Rcc7 27. Ne8
Qe7 28. Nxc7 Qxc7 29. Rbc1 Qe7 30. Rc8+ Bf8 31. Rdd8 Kg7 32. Qd5 e4 33. Qd4+
Kh6 34. Re8 Qa3 35. Qd5 Kg7 36. Qe5+ Kh6 37. Qe6 Kg7 38. Rxf8 Rxf8 39. Rc7+ Kh6
40. Qd7 Kg5 41. Qxh7 f4 42. Qh4+ Kf5 43. Qxf4+ Ke6 44. Qxe4+ 1-0

[Event "GBR-ch73"]
[Site "Southampton"]
[Date "1986.08.08"]
[Round "11"]
[White "McDonald, Neil R"]
[Black "Conquest, Stuart"]
[Result "1/2-1/2"]
[WhiteElo "2495"]
[BlackElo "2430"]
[PlyCount "20"]
[EventDate "1986.07.28"]
[EventType "swiss"]
[EventRounds "11"]
[EventCountry "GBR"]
[SourceTitle "BritBase"]
[Source "John Saunders"]
[SourceDate "2020.09.07"]
[SourceVersion "1"]
[SourceVersionDate "2020.09.07"]
[SourceQuality "2"]

1. Nf3 Nf6 2. g3 d5 3. Bg2 c6 4. O-O Bg4 5. c4 e6 6. cxd5 exd5 7. Ne5 Bh5 8. d4
Nbd7 9. Bf4 Be7 10. Nc3 O-O 1/2-1/2

[Event "GBR-ch73"]
[Site "Southampton"]
[Date "1986.08.08"]
[Round "11"]
[White "Nicholson, John G"]
[Black "Hawksworth, John C"]
[Result "1-0"]
[WhiteElo "2295"]
[BlackElo "2400"]
[PlyCount "119"]
[EventDate "1986.07.28"]
[EventType "swiss"]
[EventRounds "11"]
[EventCountry "GBR"]
[SourceTitle "BritBase"]
[Source "John Saunders"]
[SourceDate "2020.09.07"]
[SourceVersion "1"]
[SourceVersionDate "2020.09.07"]
[SourceQuality "2"]

1. e4 e5 2. Nf3 Nc6 3. Bb5 a6 4. Ba4 Nf6 5. d4 exd4 6. O-O Be7 7. Re1 b5 8. Bb3
d6 9. Bd5 Bb7 10. Nxd4 Nxd5 11. Nxc6 Bxc6 12. exd5 Bb7 13. a4 O-O 14. axb5 axb5
15. Rxa8 Bxa8 16. Qe2 Bf6 17. Qxb5 c6 18. dxc6 Qc8 19. c3 Bxc6 20. Qc4 Rd8 21.
Be3 Qb7 22. f3 Rc8 23. Qe2 h5 24. Na3 d5 25. Qf2 Re8 26. Nb1 Qb3 27. Bd4 Rxe1+
28. Qxe1 Bxd4+ 29. cxd4 Qd3 30. Nc3 Qxd4+ 31. Qf2 Qb4 32. Qd2 d4 33. Ne4 Qb6
34. Nf2 Bb5 35. Ne4 d3+ 36. Kf1 Qd4 37. Nc3 Bc4 38. Nd1 g6 39. Nf2 Qd5 40. Ne4
Qe5 41. g3 Qd4 42. Kg2 Bb3 43. Qc3 Qa4 44. Qxd3 Bc4 45. Qc3 Bb5 46. Nf6+ Kf8
47. Qa3+ Qxa3 48. bxa3 Ke7 49. Nd5+ Kd6 50. Nf4 Kc5 51. Kf2 Kd4 52. h4 Be8 53.
Ke2 f6 54. Ne6+ Kc4 55. Ke3 Bf7 56. Nf8 Kd5 57. Nd7 Ke6 58. Nc5+ Kf5 59. a4 Bd5
60. a5 1-0